Tâm lý xã hội trong quản lý. t.III /
Na minha lista:
| Autor principal: | |
|---|---|
| Outros Autores: | |
| Formato: | Sách giấy |
| Idioma: | Vietnamese |
| Publicado em: |
TP.HCM :
Trường quản lý kinh tế trung ương,
1986.
|
| Tags: |
Adicionar Tag
Sem tags, seja o primeiro a adicionar uma tag!
|
| Thư viện lưu trữ: | Thư viện Trường Đại học Đà Lạt |
|---|
| LEADER | 00671nam a2200265 4500 | ||
|---|---|---|---|
| 001 | DLU100109201 | ||
| 005 | ##20100323 | ||
| 040 | # | # | |a DLU |b vie |
| 041 | # | # | |a vie |
| 044 | # | # | |a vn |
| 082 | # | # | |a 650.13 |b LE-V |
| 100 | # | # | |a Lê-bê-đép, V.I. |
| 245 | # | # | |a Tâm lý xã hội trong quản lý. |n t.III / |c V.I.Lê-bê-đép; A.I Pa-nốp. |
| 260 | # | # | |a TP.HCM : |b Trường quản lý kinh tế trung ương, |c 1986. |
| 300 | # | # | |a 139 tr. ; |c 19 cm. |
| 700 | # | # | |a A.I Pa-nốp |
| 992 | # | # | |a 12 |
| 994 | # | # | |a DLU |
| 900 | # | # | |a True |
| 911 | # | # | |a Phan Thị Mỹ Thảo |
| 925 | # | # | |a G |
| 926 | # | # | |a A |
| 927 | # | # | |a SH |
| 980 | # | # | |a Thư viện Trường Đại học Đà Lạt |